The Creeks.

Bibliographic Details
Corporate Author: ProQuest (Firm)
Format: eBook
Language:English
Published: Washington : [publisher not identified], 1790.
Series:United States congressional serial set.
Subjects:
Online Access:Connect to the full text of this electronic book

MARC

Tag First Indicator Second Indicator Subfields
LEADER 00000cam a22000001a 4500
001 in00002849310
005 20190331182936.0
006 m o d
007 cr un mmmapmmp
008 090105s1790 dcu o f000 0 eng d
035 |a cis2004311900 
040 |a UMI  |c UMI  |d UtOrBLW 
043 |a n-us--- 
099 |a ProQuest Serial Set Number ASP07 Ind.aff.8 
245 0 4 |a The Creeks. 
246 1 |a Creeks: treaty 
264 1 |a Washington :  |b [publisher not identified],  |c 1790. 
300 |a 1 online resource. 
336 |a text  |b txt  |2 rdacontent 
337 |a computer  |b c  |2 rdamedia 
338 |a online resource  |b cr  |2 rdacarrier 
490 0 |a Ind.aff.8 
500 |a Record is based on bibliographic data in ProQuest U.S. Serial Set Digital Collection (last viewed Jan. 2009). Reuse except for individual research requires license from ProQuest, LLC. 
510 3 |a ProQuest U.S. Serial Set Digital Collection 
500 |a Electronic resource. 
650 0 |a Creek Indians. 
650 0 |a Indians of North America  |v Treaties. 
655 7 |a Electronic books.  |2 local 
710 2 |a ProQuest (Firm) 
830 0 |a United States congressional serial set. 
856 4 0 |u http://proxy.library.tamu.edu/login?url=http://congressional.proquest.com/congcomp/getdoc?SERIAL-SET-ID=ASP07+Ind.aff.8  |z Connect to the full text of this electronic book  |t 0 
999 |a MARS 
999 f f |s 32bf3b8e-1387-3a8d-a768-f34f3d2a2ab6  |i 8af4cc6e-e012-3b64-abe5-c51362dd00bd  |t 0 
952 f f |a Texas A&M University  |b College Station  |c Electronic Resources  |d Available Online  |t 0  |e ProQuest Serial Set Number ASP07 Ind.aff.8  |h Other scheme 
998 f f |a ProQuest Serial Set Number ASP07 Ind.aff.8  |t 0  |l Available Online